Getting Organized at Work (Record no. 93961)

MARC details
000 -LEADER
fixed length control field 00592nam a2200205Ia 4500
005 - DATE AND TIME OF LATEST TRANSACTION
control field 20251121144130.0
008 - FIXED-LENGTH DATA ELEMENTS--GENERAL INFORMATION
fixed length control field 230125s9999 xx 000 0 und d
020 ## - INTERNATIONAL STANDARD BOOK NUMBER
International Standard Book Number 9780070603370
041 ## - LANGUAGE CODE
Language code of text/sound track or separate title eng
082 ## - DEWEY DECIMAL CLASSIFICATION NUMBER
Classification number 158.1
Item number ZEI
100 ## - MAIN ENTRY--PERSONAL NAME
Author Zeigler K
245 ## - TITLE STATEMENT
Title Getting Organized at Work
Remainder of title 24 Lessons to Set Goals, Establish Priorities and Manage Your Time
260 ## - PUBLICATION, DISTRIBUTION, ETC.
Date of publication, distribution, etc. 2005
Name of publisher, distributor, etc. Tata Mcgraw Hill
Place of publication, distribution, etc. New Delhi
300 ## - PHYSICAL DESCRIPTION
Extent 48p
500 ## - GENERAL NOTE
Keywords Personality Development<br/>
650 ## - SUBJECT ADDED ENTRY--TOPICAL TERM
Topical term or geographic name entry element Personality Development
700 ## - ADDED ENTRY--PERSONAL NAME
Personal name Zeigler K
942 ## - ADDED ENTRY ELEMENTS (KOHA)
Koha item type Books
906 ## - LOCAL DATA ELEMENT F, LDF (RLIN)
b 47.5
Holdings
Withdrawn status Lost status Damaged status Not for loan Home library Current library Date acquired Vendor Net Price Full call number Barcode Date last seen Actual Price Bill Date Koha item type Original Barcode
        Smt. Hiraben Nanavati Institute of Management & Research for Women Smt. Hiraben Nanavati Institute of Management & Research for Women 01/03/2016 Donated Book- Outside Donar 95.00 158.1 ZEI DB2532 HIMR-DB-2532 25/01/2023 47.50 25/01/2023 Donated Book DB2532